000
00197 a2200097 4500
020
_a
9780071448192
041
_a
eng
100
_a
TERRY EDDY
245
_a
LEARNING CONSTRUCTION SPANGLISH
942
_c
BK
999
_c
4287
_d
4287